Statistics for Technology Giants #4 - Amazon

Click here to take the quiz!

General Stats

  • This quiz has been taken 10,640 times
    (2,812 since last reset)
  • The average score is 12 of 16

Answer Stats

HintAnswer% Correct
Amazon's subscription service that comes with free "two day" shippingAmazon {Prime}
95%
Founder of AmazonJeff Bezos
94%
The only thing that Amazon sold when it first startedBooks
91%
Amazon's "personal assistant" that can, in theory, give answers to simple questionsAlexa
89%
Amazon's e-reader deviceKindle
89%
Toy store chain which filed for bankruptcy in 2017 due to their inability to
compete with Amazon
Toys "R" Us
87%
City home to Amazon's main headquartersSeattle
81%
Activity most commonly streamed on Amazon's Twitch platformVideo games
76%
The only American company with more revenue than Amazon (for now)Wal-Mart
76%
Brand of smart doorbell acquired in 2018Ring
69%
Newspaper purchased by Amazon's founder in 2013
(hint: Watergate)
Washington Post
65%
Amazon's tablet deviceFire Tablet
60%
Grocery store chain acquired in 2017Whole Foods
57%
Amazon service which JetPunk relies onWeb hosting
56%
Smart speaker made by Amazon
Smart speaker made by Amazon
Echo
53%
Product sold by Amazon subsidiary ZapposShoes
49%

Score Distribution

Percentile by Number Answered

Percent of People with Each Score

Your Score History

You have not taken this quiz since the last reset